Despejando el Aire: Perspectivas sobre el Humo de Tabaco en el Ambiente /

Debate y análisis de: los efectos del humo del tabaco en el ambiente sobre la salud de los no fumadores; los incentivos económicos y la política pública adecuada; las leyes y libertades civiles; cómo el fumar y el humo del tabaco en el ambiente difieren de otros tipos de comportamientos a los cuales...

Ful tanımlama

Kaydedildi:
Detaylı Bibliyografya
Yazar: Tollison, Robert D. (comp.)
Materyal Türü: Kitap
Dil:İspanyolca
Baskı/Yayın Bilgisi: Lexington, EUA : Lexington Books, 1989
Konular:
Etiketler: Etiketle
Etiket eklenmemiş, İlk siz ekleyin!

MARC

LEADER 00000nam^a2200000^a^4500
001 000026132
005 20250521000000.0
009 20260310084717.827
020 |a 0-669-19481-6 
037 |a Acervo ITESO - Biblioteca 
041 |a ESP 
082 |a 614. 71  |b TOL 
100 |a Tollison, Robert D.  |e (comp.) 
245 1 0 |a Despejando el Aire: Perspectivas sobre el Humo de Tabaco en el Ambiente /  |c R.D. Tollison. 
264 1 |a Lexington, EUA :  |b Lexington Books,  |c 1989 
300 |a 176 p. 
336 |a texto  |b txt  |2 rdacontenido 
337 |a sin mediación  |b n  |2 rdamedio 
338 |a volumen  |b nc  |2 rdasoporte 
500 |a Traducción de: Clearing the Air 
520 |a Debate y análisis de: los efectos del humo del tabaco en el ambiente sobre la salud de los no fumadores; los incentivos económicos y la política pública adecuada; las leyes y libertades civiles; cómo el fumar y el humo del tabaco en el ambiente difieren de otros tipos de comportamientos a los cuales la gente objeta. 
649 |a XX 
650 |a Ciencias Médicas 
650 |a Contaminación Ambiental 
650 |a Ecología 
910 |a Fondo General 
920 |a Impresos - Libros 
930 |a Colección General 
905 |a 101 
901 |a 0261320100  |b IT1  |c ACC  |i 026132  |u 20250521 
902 |a https://opac.biblio.iteso.mx/vufind/Record/000026132